000 00567nam a22002057a 4500
003 SEM
999 _c72140
_d72140
005 20220608074941.0
008 220126s2001 us ||||gr|||||001 0 eng|d
020 _a0310237602
040 _aSEM
_cSEM
041 _aeng
080 _a809.245-5/P-90
100 _aPratico, Gary D.; Pelt, Miles V. Van
245 _aBasics of biblical hebrew.
_bGrammar /
_cG. D. Pratico, M. V. Van Pelt
260 _aGrand Rapids :
_bZondervan,
_c2001.
300 _aXIII+446 p. ;
_cCD;
_c24 cm
650 _aHebrew
_xgrammar
653 _aՍԷՄ
942 _2udc
_cBK